[Event "SR 3. liga A2 2009/2010"]
[Site "?"]
[Date "2009.11.15"]
[Round "3.7"]
[White "Vach, Jozef"]
[Black "Takacs, Laszlo"]
[Result "1-0"]
[WhiteElo "1907"]
[BlackElo "1838"]
[PlyCount "87"]
[EventDate "2009.??.??"]

1. d4 Nf6 2. c4 g6 3. Nc3 Bg7 4. e4 d6 5. Be3 O-O 6. f3 Nbd7 7. Qd2 Re8 8. g4
e5 9. d5 a5 10. Nge2 b6 11. Ng3 Nc5 12. h4 Na6 13. Bg5 Bb7 14. h5 Nb4 15. hxg6
fxg6 16. O-O-O Na6 17. Bd3 Nc5 18. Bc2 Ba6 19. b3 Rb8 20. Bh6 Bh8 21. Bg5 Bg7
22. Rh3 Re7 23. Rdh1 Qd7 24. Qe2 Rf7 25. Nf1 Bh8 26. Ne3 Re8 27. Ng2 Bg7 28.
Rh4 Bc8 29. Ne3 Ba6 30. Qh2 Bh8 31. Rh6 Bg7 32. Rxh7 Nxh7 33. Qxh7+ Kf8 34.
Qxg6 Rxf3 35. Nf5 Qf7 36. Qxf7+ Kxf7 37. Rh7 Rxf5 38. exf5 Rh8 39. Rxh8 Bxh8
40. Bd8 Nd7 41. g5 Bg7 42. Ne4 Bf8 43. Bxc7 Nc5 44. Nxd6+ 1-0

[Event "SR 3. liga A2 2009/2010"]
[Site "?"]
[Date "2009.11.15"]
[Round "3.8"]
[White "Mezei, Tibor"]
[Black "Kubik, Peter"]
[Result "0-1"]
[WhiteElo "1651"]
[BlackElo "1583"]
[PlyCount "82"]
[EventDate "2009.??.??"]

1. e4 e5 2. Bc4 Nf6 3. Nc3 Nc6 4. Nf3 Be7 5. d3 d6 6. h3 Na5 7. Bb5+ c6 8. Ba4
b5 9. Bb3 O-O 10. Be3 Re8 11. Ng5 Nxb3 12. axb3 h6 13. Nf3 a5 14. g4 Nh7 15.
Qd2 Be6 16. Ne2 f6 17. Nh4 d5 18. f3 d4 19. Bf2 Ng5 20. f4 Nf7 21. f5 Bd7 22.
Nf3 Bb4 23. c3 dxc3 24. bxc3 Bd6 25. h4 c5 26. Be3 Qe7 27. g5 Qf8 28. gxf6 gxf6
29. Rg1+ Kh7 30. Rg6 Be7 31. Kf2 a4 32. Ng5+ fxg5 33. hxg5 Bxf5 34. exf5 Nxg5
35. Ng3 axb3 36. Qb2 c4 37. Qc1 Rxa1 38. Qxa1 Ra8 39. Qb1 Ra2+ 40. Kf1 Qa8 41.
Bc1 Qg2+ 0-1

[Event "SR 3. liga A2 2009/2010"]
[Site "?"]
[Date "2009.11.15"]
[Round "3.1"]
[White "Provaznik, Michal"]
[Black "Meszaros, Lorant"]
[Result "1-0"]
[WhiteElo "2199"]
[BlackElo "2119"]
[PlyCount "75"]
[EventDate "2009.??.??"]

1. d4 f5 2. Nf3 Nf6 3. c4 g6 4. g3 Bg7 5. Bg2 O-O 6. O-O d6 7. b3 Ne4 8. Bb2
Nd7 9. Nbd2 Ndf6 10. Qc2 c6 11. d5 Bd7 12. Nxe4 Nxe4 13. Bxg7 Kxg7 14. Nd4 cxd5
15. cxd5 Rc8 16. Qb2 Nf6 17. e4 fxe4 18. Bxe4 Kg8 19. Bg2 Rc5 20. Rac1 Rxc1 21.
Rxc1 Ng4 22. Rc2 Ne5 23. f4 Ng4 24. Re2 Nf6 25. h3 Re8 26. g4 Qb6 27. Kh2 Qc5
28. Rc2 Qb4 29. Qc3 Qb6 30. Qd3 Kg7 31. Bf3 Qa5 32. b4 Qxb4 33. g5 Bf5 34.
gxf6+ exf6 35. Nxf5+ gxf5 36. Qxf5 Qd4 37. Rg2+ Kf8 38. Qg4 1-0

[Event "SR 3. liga A2 2009/2010"]
[Site "?"]
[Date "2009.11.15"]
[Round "3.2"]
[White "Szitasi, Janos"]
[Black "Horak, Ivan"]
[Result "1-0"]
[WhiteElo "2005"]
[BlackElo "2105"]
[PlyCount "55"]
[EventDate "2009.??.??"]

1. e4 c5 2. Nf3 d6 3. d4 cxd4 4. Nxd4 Nf6 5. Nc3 a6 6. Be2 e5 7. Nf3 h6 8. O-O
Be7 9. Re1 Be6 10. b3 b5 11. a3 Nbd7 12. Bb2 Nb6 13. h3 Rc8 14. Qd2 O-O 15. Bf1
Rc5 16. Rac1 Qc7 17. Na2 Qb7 18. Bd3 Rfc8 19. Rb1 Nh7 20. Bc1 Nf8 21. Qa5 Na4
22. bxa4 Bxa2 23. Rb2 Bd8 24. Qd2 Bc4 25. Bxc4 Rxc4 26. Qxd6 Be7 27. Qd3 Rd8
28. Qxc4 1-0

[Event "SR 3. liga A2 2009/2010"]
[Site "?"]
[Date "2009.11.15"]
[Round "3.3"]
[White "Kovarik, Oto"]
[Black "Kosar, Mikulas"]
[Result "1-0"]
[WhiteElo "2053"]
[BlackElo "1876"]
[PlyCount "35"]
[EventDate "2009.??.??"]

1. e4 e5 2. Nf3 Nf6 3. Nc3 Nc6 4. d4 Bb4 5. dxe5 Bxc3+ 6. bxc3 Nxe4 7. Qd3 d5
8. c4 Nc5 9. Qa3 b6 10. Be3 d4 11. O-O-O Qe7 12. Bg5 Qe6 13. Nxd4 Nxd4 14. Rxd4
O-O 15. Qg3 Bb7 16. Bf6 g6 17. Qh4 h5 18. Qg5 1-0

[Event "SR 3. liga A2 2009/2010"]
[Site "?"]
[Date "2009.11.15"]
[Round "3.4"]
[White "Szekely, Stefan"]
[Black "Sefcik, Marek"]
[Result "0-1"]
[WhiteElo "1984"]
[BlackElo "2022"]
[PlyCount "66"]
[EventDate "2009.??.??"]

1. c4 f5 2. Nf3 Nf6 3. g3 e6 4. Bg2 d5 5. cxd5 exd5 6. O-O Bd6 7. Nc3 c6 8. d4
O-O 9. e3 Nbd7 10. b3 Qe8 11. Bb2 Ng4 12. Ne2 Ndf6 13. h3 Nh6 14. Ne5 $11 Nf7
15. f4 Ne4 16. a4 Qe7 17. Rc1 Be6 18. Qe1 Rae8 19. Rc2 Kh8 20. Nc1 Bb4 21. Qd1
Nxg3 22. Rf3 Ne4 23. Ncd3 Rg8 24. Rf1 Bd6 25. Qh5 g6 26. Qd1 Qh4 27. Bxe4 fxe4
28. Nxf7+ Bxf7 29. Nf2 g5 30. Ng4 gxf4 31. Rg2 f3 32. Rh2 Rxg4+ 33. hxg4 Qxh2#
0-1

[Event "SR 3. liga A2 2009/2010"]
[Site "?"]
[Date "2009.11.15"]
[Round "3.5"]
[White "Bilovsky, Milan"]
[Black "Both, Lajos"]
[Result "0-1"]
[WhiteElo "1940"]
[BlackElo "1904"]
[PlyCount "114"]
[EventDate "2009.??.??"]

1. c4 c5 2. Nc3 Nc6 3. g3 g6 4. Bg2 Bg7 5. e3 e6 6. Nge2 Nge7 7. O-O O-O 8. d4
cxd4 9. exd4 d5 10. cxd5 exd5 11. Be3 Be6 12. Nf4 Qd7 13. Qd2 Rfd8 14. Rac1
Rac8 15. Rfe1 b6 16. b3 Nb4 17. a3 Na6 18. Nxe6 fxe6 19. Bg5 Re8 20. Bxe7 Rxe7
21. Nxd5 Ree8 22. Rxc8 Rxc8 23. Nf4 Qxd4 24. Qe2 Nc7 25. Nxe6 Qd6 26. Nxg7 Kxg7
27. Qe7+ Qxe7 28. Rxe7+ Kf6 29. Rxh7 Nb5 30. Bf1 Nxa3 31. Rxa7 Nb1 32. Bc4 Nd2
33. Rf7+ Ke5 34. Re7+ Kd4 35. Re6 g5 36. Rd6+ Kc3 37. Bd5 b5 38. Rg6 Nxb3 39.
Bxb3 Kxb3 40. Rxg5 b4 41. Rb5 Kc4 42. Rb7 b3 43. h4 Kc3 44. g4 b2 45. g5 Rc4
46. Kg2 Rb4 47. Rxb4 Kxb4 48. Kg3 b1=Q 49. Kg4 Qh7 50. h5 Kc5 51. f4 Kd5 52. g6
Qh6 53. Kf5 Qxh5+ 54. Kf6 Qh4+ 55. Kf7 Qxf4+ 56. Kg8 Ke6 57. g7 Qh6 0-1

[Event "SR 3. liga A2 2009/2010"]
[Site "?"]
[Date "2009.11.15"]
[Round "3.6"]
[White "Arpa, Zoltan"]
[Black "Jozefovic, Milan"]
[Result "0-1"]
[WhiteElo "1847"]
[BlackElo "1904"]
[PlyCount "92"]
[EventDate "2009.??.??"]

1. d4 d5 2. c4 e6 3. Nc3 Nf6 4. Bg5 Be7 5. e3 c6 6. Nf3 Nbd7 7. Bd3 h6 8. Bh4
dxc4 9. Bxc4 Nd5 10. Bxe7 Qxe7 11. Bxd5 exd5 12. O-O O-O 13. Qc2 Nf6 14. Rfe1
Ne4 15. Nxe4 dxe4 16. Nd2 f5 17. Rac1 Be6 18. a3 Bd5 19. Qc5 Qf6 20. Qc3 f4 21.
exf4 Qxf4 22. Qe3 Qf5 23. Nc4 Rf6 24. Ne5 Raf8 25. Re2 b6 26. b4 Rd6 27. Rec2
Rff6 28. a4 a6 29. Nc4 Bxc4 30. Rxc4 Qd5 31. Qg3 b5 32. axb5 axb5 33. Rc5 Qxd4
34. Qb3+ Kh7 35. Rf1 Rd8 36. Rcc1 Rdf8 37. Rc2 e3 38. Qb1 Kh8 39. Qb2 exf2+ 40.
Kh1 Qe3 41. Re2 Qb6 42. Re7 Qd8 43. Qe2 Qd4 44. Re4 Qc3 45. Re8 Qxb4 46. Rxf8+
Qxf8 0-1

[Event "SR 3. liga A2 2009/2010"]
[Site "?"]
[Date "2009.11.15"]
[Round "3.7"]
[White "Husek, Lubomir"]
[Black "Kalmar, Tamas"]
[Result "1/2-1/2"]
[WhiteElo "1749"]
[BlackElo "1714"]
[PlyCount "84"]
[EventDate "2009.??.??"]

1. e4 e6 2. d4 d5 3. e5 c5 4. c3 Nc6 5. Nf3 Qb6 6. Bd3 Bd7 7. Bc2 Rc8 8. O-O
cxd4 9. cxd4 Nb4 10. Nc3 Nxc2 11. Qxc2 Ne7 12. a3 Nf5 13. Qd1 Be7 14. Ne2 Bb5
15. Re1 O-O 16. b4 Bxe2 17. Rxe2 Rc4 18. Bb2 Rfc8 19. g4 Nh6 20. h3 Kh8 21. Rc1
a5 22. Rxc4 Rxc4 23. bxa5 Qxa5 24. Re3 b5 25. Qb3 Ng8 26. Kg2 h6 27. Kg3 Qa4
28. Qxa4 bxa4 29. Re2 Bd8 30. Ne1 Ne7 31. Rc2 Rxc2 32. Nxc2 Nc6 33. f4 Na5 34.
Kf3 Nc4 35. Bc1 Be7 36. Ke2 Kg8 37. Kd3 Kf8 38. Kc3 Ke8 39. f5 Bf8 40. Kd3 Kd7
41. Kc3 Kc6 42. Kd3 Kb5 1/2-1/2

[Event "SR 3. liga A2 2009/2010"]
[Site "?"]
[Date "2009.11.15"]
[Round "3.8"]
[White "Bernath, Mikulas"]
[Black "Holly, Milan"]
[Result "0-1"]
[WhiteElo "1895"]
[BlackElo "1820"]
[PlyCount "60"]
[EventDate "2009.??.??"]

1. d4 e6 2. c4 b6 3. Nf3 Bb7 4. e3 Nf6 5. Nc3 Bb4 6. Bd2 O-O 7. Be2 d5 8. cxd5
Nxd5 9. O-O c5 10. dxc5 Bxc5 11. a3 a6 12. Qc2 Nc6 13. Rad1 Nf6 14. e4 Qc7 15.
h3 Nd4 16. Nxd4 Bxd4 17. Bd3 Rac8 18. Qb1 Rfd8 19. Ne2 Bxb2 20. Qxb2 Rxd3 21.
Bg5 Rxd1 22. Rxd1 Nxe4 23. Rc1 Qd7 24. Be3 Rxc1+ 25. Qxc1 b5 26. Nd4 h6 27. Qd1
e5 28. f3 Nc3 29. Qd3 exd4 30. Bxd4 Qxd4+ 0-1

[Event "SR 3. liga A2 2009/2010"]
[Site "?"]
[Date "2009.11.29"]
[Round "4.1"]
[White "Pribila, Gerhard"]
[Black "Mihalik, Marek"]
[Result "1/2-1/2"]
[WhiteElo "2030"]
[BlackElo "2090"]
[PlyCount "29"]
[EventDate "2009.??.??"]

1. e4 c5 2. c3 d5 3. exd5 Qxd5 4. d4 Nc6 5. dxc5 Qxc5 6. Na3 a6 7. Be3 Qa5 8.
Nc4 Qc7 9. Nb6 Rb8 10. Qa4 Nf6 11. O-O-O Bd7 12. Nf3 g6 13. Nxd7 Nxd7 14. Qh4
Bg7 15. Bh6 $11 1/2-1/2

[Event "SR 3. liga A2 2009/2010"]
[Site "?"]
[Date "2009.11.29"]
[Round "4.2"]
[White "Pobjecky, Ivan"]
[Black "Pribila, Michal"]
[Result "1/2-1/2"]
[WhiteElo "2043"]
[BlackElo "2078"]
[PlyCount "42"]
[EventDate "2009.??.??"]

1. e4 c5 2. Nf3 d6 3. d4 cxd4 4. Nxd4 Nf6 5. Nc3 Nc6 6. Bg5 e6 7. Qd2 a6 8.
O-O-O Qc7 9. Kb1 Bd7 10. f3 O-O-O 11. Nb3 Be7 12. Be3 d5 13. exd5 Nxd5 14. Nxd5
exd5 15. Qf2 Qe5 16. Bb6 Rde8 17. Nc5 Bf5 18. g4 Bf6 19. Na4 Be6 20. Bd3 Qf4
21. Qg3 Be5 1/2-1/2

[Event "SR 3. liga A2 2009/2010"]
[Site "?"]
[Date "2009.11.29"]
[Round "4.3"]
[White "Kocak, Branislav"]
[Black "Mihalik, Anton"]
[Result "1/2-1/2"]
[WhiteElo "1934"]
[BlackElo "1961"]
[PlyCount "66"]
[EventDate "2009.??.??"]

1. d4 d5 2. c4 e6 3. Nf3 Nf6 4. Bg5 Be7 5. e3 Nbd7 6. Nc3 a6 7. a4 O-O 8. Bd3
dxc4 9. Bxc4 c5 10. O-O cxd4 11. exd4 Nb6 12. Bd3 Nbd5 13. Nxd5 Qxd5 14. Rc1 h6
15. Bh4 Qd8 16. Bg3 Bd6 17. Ne5 Qe7 18. Re1 Bd7 19. Qb3 Rab8 20. Nxd7 Qxd7 21.
Be5 Qe7 22. Be2 Nd7 23. Bf3 b5 24. Rc6 Bxe5 25. dxe5 bxa4 26. Qxa4 Rb4 27. Qa3
Rfb8 28. Rxa6 Qc5 29. Ra8 Rxa8 30. Qxa8+ Kh7 31. Qc6 Qxc6 32. Bxc6 Nc5 33. Rb1
Nd3 1/2-1/2

[Event "SR 3. liga A2 2009/2010"]
[Site "?"]
[Date "2009.11.29"]
[Round "4.4"]
[White "Bincik, Pavol"]
[Black "Valla, Tomas"]
[Result "1/2-1/2"]
[WhiteElo "1904"]
[BlackElo "1780"]
[PlyCount "87"]
[EventDate "2009.??.??"]

1. d4 Nf6 2. c4 c5 3. d5 e6 4. Nc3 exd5 5. cxd5 d6 6. e4 g6 7. g3 Bg7 8. Bg2
O-O 9. Nge2 a6 10. a4 Re8 11. O-O Nbd7 12. Nf4 Qe7 13. h3 Rb8 14. Qe2 Ne5 15.
Nd3 Nxd3 16. Qxd3 Qc7 17. b3 Qb6 18. Rb1 Nd7 19. Kh2 Qb4 20. Bd2 Qd4 21. Qc2 c4
22. Ne2 Qd3 23. Qxd3 cxd3 24. Nc1 Nc5 25. Re1 Bd4 26. Be3 d2 27. Bxd2 Bxf2 28.
Re2 Bd4 29. Bf4 Be5 30. a5 b5 31. b4 Nd7 32. Nd3 Bb7 33. Rc1 Rbc8 34. Rec2 f6
35. h4 Rxc2 36. Rxc2 Rc8 37. Rxc8+ Bxc8 38. Bh3 Kf7 39. Bxe5 fxe5 40. Kg2 Ke7
41. Kf3 Kd8 42. Bxd7 Bxd7 43. g4 h5 44. Nf2 1/2-1/2

[Event "SR 3. liga A2 2009/2010"]
[Site "?"]
[Date "2009.11.29"]
[Round "4.5"]
[White "Brunovsky, Peter"]
[Black "Curidlo, Jan"]
[Result "0-1"]
[WhiteElo "1762"]
[BlackElo "1938"]
[PlyCount "86"]
[EventDate "2009.??.??"]

1. d4 d5 2. Nf3 Nf6 3. Bf4 c6 4. c3 Bf5 5. e3 e6 6. Bd3 Bxd3 7. Qxd3 h6 8. Nbd2
Nbd7 9. O-O Be7 10. h3 O-O 11. e4 dxe4 12. Nxe4 Nxe4 13. Qxe4 Nf6 14. Qe2 Bd6
15. Ne5 Bxe5 16. Bxe5 Nh7 17. Qg4 Qg5 18. Qxg5 hxg5 19. f4 gxf4 20. Rxf4 f6 21.
Bd6 Rfe8 22. Re1 Rad8 23. Ba3 Ng5 24. h4 Nh7 25. Rfe4 Kf7 26. g4 g6 27. b3 f5
28. Rf4 Nf6 29. g5 Nd5 30. Rf3 Rh8 31. c4 Nc7 32. Rf4 b6 33. Kg2 Na6 34. Kg3
Rhe8 35. Rf3 Rxd4 36. Bb2 Rg4+ 37. Kh3 Rd8 38. Rfe3 Nc5 39. b4 Ne4 40. Be5 Rd2
41. Bg3 a6 42. a3 Rxg3+ 43. Rxg3 Nxg3 0-1

[Event "SR 3. liga A2 2009/2010"]
[Site "?"]
[Date "2009.11.29"]
[Round "4.6"]
[White "Slaby, Jozef"]
[Black "Zajicek, Ferdinand"]
[Result "0-1"]
[WhiteElo "1963"]
[BlackElo "1924"]
[PlyCount "74"]
[EventDate "2009.??.??"]

1. d4 c5 2. d5 Nf6 3. c4 g6 4. Nc3 d6 5. e4 Bg7 6. Bd3 O-O 7. f3 a6 8. Be3 e6
9. dxe6 Bxe6 10. Qd2 Nc6 11. Be2 Ne5 12. b3 Qc7 13. Rc1 Rfd8 14. h3 Nh5 15. Bf2
Nc6 16. g4 Nf6 17. Nd5 Bxd5 18. cxd5 Ne5 19. Be3 Qe7 20. h4 Re8 21. Bg5 Qd7 22.
h5 Re7 23. Kd1 Rae8 24. Qf4 Nexg4 25. fxg4 Rxe4 26. Qf3 Nxd5 27. Rc4 Ne3+ 28.
Bxe3 Rxe3 29. Qg2 Bd4 30. hxg6 fxg6 31. Rc2 Qe7 32. Nf3 Qe4 33. Bc4+ d5 34. Be2
Qxc2+ 35. Kxc2 Rxe2+ 36. Qxe2 Rxe2+ 37. Kd3 Re3+ 0-1

[Event "SR 3. liga A2 2009/2010"]
[Site "?"]
[Date "2009.11.29"]
[Round "4.7"]
[White "Kastler, Peter"]
[Black "Gono, Michal"]
[Result "0-1"]
[WhiteElo "1721"]
[BlackElo "1852"]
[PlyCount "88"]
[EventDate "2009.??.??"]

1. d4 Nf6 2. c4 g6 3. Nc3 d5 4. cxd5 Nxd5 5. e4 Nxc3 6. bxc3 Bg7 7. Bc4 c5 8.
Be3 Nc6 9. Ne2 cxd4 10. cxd4 O-O 11. O-O Na5 12. Bd3 b6 13. Rc1 e6 14. Qa4 Bd7
15. Bb5 Bxb5 16. Qxb5 Rc8 17. Rxc8 Qxc8 18. Rc1 Qb7 19. f3 Rc8 20. Qb1 Rc4 21.
Rxc4 Nxc4 22. Kf2 Nxe3 23. Kxe3 Qe7 24. g3 Qa3+ 25. Qb3 Bf8 26. Qxa3 Bxa3 27.
Nc3 a6 28. Na4 b5 29. Nc5 Bxc5 30. dxc5 Kf8 31. Kd4 Ke7 32. Ke5 f6+ 33. Kd4 Kd7
34. e5 f5 35. h3 Kc6 36. g4 fxg4 37. fxg4 g5 38. a3 a5 39. a4 bxa4 40. Kc4 a3
41. Kb3 Kxc5 42. Kxa3 Kd5 43. Ka4 Kxe5 44. Kxa5 Kd4 0-1

[Event "SR 3. liga A2 2009/2010"]
[Site "?"]
[Date "2009.11.29"]
[Round "4.8"]
[White "Nemsak, Denis"]
[Black "Papanek, Lubomir"]
[Result "1-0"]
[WhiteElo "1645"]
[BlackElo "1663"]
[PlyCount "95"]
[EventDate "2009.??.??"]

1. c4 c5 2. Nc3 Nc6 3. g3 g6 4. Bg2 Bg7 5. Nf3 e6 6. O-O Nf6 7. d3 a6 8. a3 O-O
9. Rb1 Rb8 10. b4 b5 11. cxb5 axb5 12. bxc5 b4 13. axb4 Nd5 14. Nxd5 exd5 15.
b5 Ba6 16. Qa4 Qa5 17. Qxa5 Nxa5 18. Bd2 Bxb5 19. Bxa5 Rfe8 20. Rfe1 Bc6 21. e3
Ra8 22. Bc7 Ra7 23. Bb6 Ra3 24. d4 Rea8 25. Nd2 f5 26. Bc7 Kf7 27. Nf3 h6 28.
Rb8 Rxb8 29. Bxb8 Rb3 30. Bd6 g5 31. Bf1 g4 32. Nh4 Ke6 33. Rd1 Bf6 34. Ng6 Kf7
35. Nf4 Bg5 36. Nd3 Ke6 37. h4 Bf6 38. Nf4+ Kf7 39. Bd3 Ba4 40. Ra1 Bc6 41.
Bxf5 Rb2 42. Rb1 Ra2 43. Bxg4 Ba4 44. Rb8 Bg7 45. Bh5+ Kf6 46. g4 Bh8 47. Be5+
Ke7 48. Re8# 1-0

[Event "SR 3. liga A2 2009/2010"]
[Site "?"]
[Date "2009.11.21"]
[Round "4.1"]
[White "Gasa, Andrej"]
[Black "Lukac, Tomas"]
[Result "1/2-1/2"]
[WhiteElo "2220"]
[BlackElo "1932"]
[PlyCount "83"]
[EventDate "2009.??.??"]

1. e4 c5 2. Nf3 Nc6 3. d4 cxd4 4. Nxd4 Nf6 5. Nc3 e5 6. Ndb5 d6 7. Bg5 a6 8.
Na3 b5 9. Nd5 Be7 10. Bxf6 Bxf6 11. c3 O-O 12. Nc2 Bg5 13. a4 bxa4 14. Rxa4 a5
15. Bc4 Rb8 16. b3 Kh8 17. h4 Bh6 18. g4 Bf4 19. b4 axb4 20. cxb4 Be6 21. Be2
Bxd5 22. exd5 Ne7 23. Rh3 Qc7 24. Ra2 f5 25. g5 e4 26. Nd4 Nxd5 27. Ne6 Qb7 28.
Nxf8 Qxb4+ 29. Kf1 Nc3 30. Qc2 Nxa2 31. Ne6 Qb1+ 32. Qxb1 Rxb1+ 33. Kg2 Bc1 34.
Bc4 e3 35. Bxa2 Rb2 36. Bc4 Rxf2+ 37. Kg1 g6 38. Rh2 Rxh2 39. Kxh2 h6 40. Kg2
Bd2 41. Kf3 Be1 42. Nf4 $11 1/2-1/2

[Event "SR 3. liga A2 2009/2010"]
[Site "?"]
[Date "2009.11.21"]
[Round "4.2"]
[White "Pagac, Robert"]
[Black "Palka, Miroslav"]
[Result "0-1"]
[WhiteElo "1830"]
[BlackElo "1976"]
[PlyCount "110"]
[EventDate "2009.??.??"]

1. e4 c5 2. Nf3 d6 3. d4 cxd4 4. Nxd4 Nf6 5. Nc3 g6 6. Nf3 Nc6 7. Be2 Bg7 8.
O-O O-O 9. h3 Be6 10. Re1 a6 11. Bd3 Rc8 12. Ne2 Nb4 13. a3 Nxd3 14. cxd3 Nd7
15. d4 Nf6 16. Nf4 Bd7 17. d5 Qc7 18. Rb1 Qc2 19. Qxc2 Rxc2 20. b3 Rfc8 21. Bb2
Ne8 22. Bxg7 Kxg7 23. a4 h6 24. Re2 Rxe2 25. Nxe2 Nf6 26. Ng3 Rc3 27. Nd2 Rc2
28. Ngf1 Nh5 29. Nc4 Nf4 30. Nfe3 Ra2 31. Kf1 Nd3 32. Nd1 f5 33. f3 fxe4 34.
fxe4 g5 35. Ncb2 Nc5 36. Nc3 Nxb3 37. Nxa2 Nd2+ 38. Ke2 Nxb1 39. Nc4 Bxa4 40.
Nb6 Bb5+ 41. Ke3 Na3 42. Nc3 Nc4+ 43. Nxc4 Bxc4 44. g3 b5 45. Kd4 Bf1 46. h4
gxh4 47. gxh4 Kg6 48. e5 dxe5+ 49. Kxe5 b4 50. Ne4 Bh3 51. Nc5 a5 52. Nd3 Kh5
53. Nf4+ Kxh4 54. Ng6+ Kg5 55. Nxe7 b3 0-1

[Event "SR 3. liga A2 2009/2010"]
[Site "?"]
[Date "2009.11.21"]
[Round "4.3"]
[White "Skapikova, Lubica"]
[Black "Brisudova, Veronika"]
[Result "1-0"]
[WhiteElo "1940"]
[BlackElo "1737"]
[PlyCount "75"]
[EventDate "2009.??.??"]

1. e4 c5 2. Nf3 d6 3. d4 cxd4 4. Nxd4 Nf6 5. Nc3 a6 6. Be2 e6 7. O-O Be7 8. Kh1
O-O 9. f4 Nbd7 10. Bf3 Qc7 11. g4 Ne8 12. g5 b5 13. f5 Ne5 14. Bg2 Rb8 15. Bh3
Qc4 16. Nce2 exf5 17. Nxf5 Bxf5 18. exf5 Qh4 19. f6 gxf6 20. gxf6 Bxf6 21. Nf4
Kh8 22. Bf5 Bg7 23. Nd5 Ng6 24. Qe2 Be5 25. Bxg6 hxg6 26. Rg1 Kg7 27. Rg4 Qd8
28. Be3 Qd7 29. Rag1 Rh8 30. R1g2 Qb7 31. Qd3 Kf8 32. Kg1 Nc7 33. Nf4 Bxf4 34.
Rxf4 Ke7 35. Re4+ Kd7 36. Bf4 f5 37. Qxd6+ Kc8 38. Re7 1-0

[Event "SR 3. liga A2 2009/2010"]
[Site "?"]
[Date "2009.11.21"]
[Round "4.4"]
[White "Harasta, Juraj"]
[Black "Palka, Martin"]
[Result "1/2-1/2"]
[WhiteElo "1688"]
[BlackElo "1889"]
[PlyCount "36"]
[EventDate "2009.??.??"]

1. e4 c5 2. Nf3 d6 3. d4 cxd4 4. Nxd4 Nf6 5. f3 a6 6. c4 Nc6 7. Be3 Bd7 8. Nc3
h6 9. Be2 e5 10. Nxc6 Bxc6 11. O-O Be7 12. Qd2 O-O 13. Rfd1 Rc8 14. Rac1 Bd7
15. Nd5 Nxd5 16. Qxd5 Rc6 17. b3 Be6 18. Qd2 Qc8 1/2-1/2

[Event "SR 3. liga A2 2009/2010"]
[Site "?"]
[Date "2009.11.21"]
[Round "4.5"]
[White "Fidericky, Milan"]
[Black "Harasta, Marian"]
[Result "1/2-1/2"]
[WhiteElo "1852"]
[BlackElo "1608"]
[PlyCount "114"]
[EventDate "2009.??.??"]

1. d4 d5 2. c4 c6 3. Nf3 Nf6 4. Bg5 Bg4 5. Bxf6 exf6 6. e3 Bb4+ 7. Nc3 Qa5 8.
Qb3 Bxf3 9. gxf3 O-O 10. cxd5 Bxc3+ 11. bxc3 cxd5 12. Bh3 Nc6 13. O-O Qc7 14.
Qxd5 Ne7 15. Qb3 Ng6 16. c4 Nh4 17. Bg2 b6 18. Rac1 Rab8 19. Qd3 Rfd8 20. Qe4
g5 21. Qg4 h6 22. Qg3 Qe7 23. Bh3 Kg7 24. Rfd1 Kg6 25. Bf1 f5 26. Bd3 h5 27. h3
Rbc8 28. Kh2 Kh6 29. Be2 Rg8 30. Qe5 Qa3 31. Rc2 Qa4 32. Rdc1 Rg6 33. Qb5 Qa3
34. Rb1 f4 35. Rb3 Qd6 36. Qe5 Qxe5 37. dxe5 Re6 38. Rd2 Rxe5 39. e4 f5 40. Rd5
Rc5 41. Rbd3 fxe4 42. Rd6+ Ng6 43. fxe4 Rxe4 44. Rd2 Re7 45. Bd3 Rg7 46. Re2 g4
47. Ree6 Rg5 48. h4 g3+ 49. fxg3 fxg3+ 50. Kg2 Rg4 51. Bf5 Kh7 52. Rxg6 R4xg6
53. Rxg6 Rxg6 54. Bxg6+ Kxg6 55. Kxg3 Kf5 56. Kf3 Ke5 57. Ke3 Kf5 $11 1/2-1/2

[Event "SR 3. liga A2 2009/2010"]
[Site "?"]
[Date "2009.11.21"]
[Round "4.6"]
[White "Berger, Patrik"]
[Black "Lanik, Miroslav"]
[Result "1/2-1/2"]
[WhiteElo "1627"]
[BlackElo "1745"]
[PlyCount "47"]
[EventDate "2009.??.??"]

1. e4 c5 2. Nf3 d6 3. d4 cxd4 4. Nxd4 Nf6 5. Nc3 a6 6. Be3 e5 7. Nf3 Be6 8. Be2
Nbd7 9. O-O h6 10. Ne1 b5 11. a3 Be7 12. f4 exf4 13. Bxf4 Qb6+ 14. Kh1 Ne5 15.
Nd3 Nc4 16. e5 dxe5 17. Nxe5 Nxe5 18. Bxe5 O-O 19. h3 Rad8 20. Qe1 Qe3 21. Bf4
Qc5 22. Qg3 Bd6 23. Rad1 Bxf4 24. Qxf4 1/2-1/2

[Event "SR 3. liga A2 2009/2010"]
[Site "?"]
[Date "2009.11.21"]
[Round "4.7"]
[White "Havlicek, Peter"]
[Black "Zlamal, Marek"]
[Result "1-0"]
[WhiteElo "1671"]
[BlackElo "1505"]
[PlyCount "91"]
[EventDate "2009.??.??"]

1. e4 c5 2. Nf3 Nc6 3. Bc4 e5 4. Nc3 d6 5. h3 h6 6. Nd5 Nf6 7. d3 Na5 8. Bb3
Nxb3 9. axb3 Nxd5 10. exd5 Be7 11. O-O f5 12. c3 O-O 13. Nh2 f4 14. f3 Bh4 15.
Bd2 Qg5 16. Kh1 Bg3 17. Be1 Qh4 18. Bxg3 fxg3 19. Ng4 h5 20. Nh2 gxh2 21. Kxh2
Qf4+ 22. Kh1 Rf6 23. Ra4 Qg3 24. Qe1 Qxe1 25. Rxe1 g5 26. b4 Bd7 27. Ra5 b6 28.
Ra6 Bb5 29. Ra3 Bxd3 30. bxc5 bxc5 31. Rea1 Rf7 32. b3 Rb7 33. c4 Bc2 34. Ra6
Bxb3 35. Rxd6 Bxc4 36. Rg6+ Rg7 37. Rd6 Bb3 38. Re6 Bxd5 39. Rxe5 Rd8 40. Ra5
Bf7 41. Rexc5 g4 42. fxg4 hxg4 43. hxg4 Rxg4 44. Rxa7 Bd5 45. Rc2 Rd6 46. Rc8+
1-0

[Event "SR 3. liga A2 2009/2010"]
[Site "?"]
[Date "2009.11.21"]
[Round "4.8"]
[White "Hornacek, Vendelin"]
[Black "Gasa, Patrik"]
[Result "0-1"]
[WhiteElo "1622"]
[BlackElo "1465"]
[PlyCount "40"]
[EventDate "2009.??.??"]

1. e4 c5 2. Nf3 Nc6 3. Nc3 d6 4. Bb5 Bd7 5. O-O a6 6. Be2 g6 7. d4 cxd4 8. Nxd4
Bg7 9. Be3 Nf6 10. Nxc6 Bxc6 11. Bd3 O-O 12. Qd2 Re8 13. Bh6 Qc7 14. Bxg7 Kxg7
15. Rae1 Rad8 16. b3 b5 17. Re2 d5 18. e5 Ne4 19. f4 Nxd2 20. Rxd2 Qa5 0-1

[Event "SR 3. liga A2 2009/2010"]
[Site "?"]
[Date "2009.11.29"]
[Round "4.1"]
[White "Hecko, Dusan"]
[Black "Kocmal, Jaroslav"]
[Result "1-0"]
[WhiteElo "2115"]
[BlackElo "2031"]
[PlyCount "107"]
[EventDate "2009.??.??"]

1. e4 c5 2. Nf3 Nc6 3. Bb5 Na5 4. O-O a6 5. Be2 Nf6 6. e5 Nd5 7. d4 e6 8. c4
Nb6 9. b3 d5 10. exd6 cxd4 11. c5 Nd5 12. Nxd4 b6 13. b4 bxc5 14. bxc5 Qd7 15.
Bf3 Bb7 16. Re1 O-O-O 17. Na3 Kb8 18. Bd2 Nc6 19. Nb3 Ka7 20. Nc4 h5 21. Rb1
Rb8 22. Nca5 g5 23. Nxb7 Rxb7 24. Na5 Rb5 25. Rxb5 axb5 26. Bxd5 exd5 27. Nxc6+
Qxc6 28. Bxg5 Ka6 29. Qd4 Rg8 30. Re5 f6 31. Bxf6 Bxd6 32. Qxd5 Qxd5 33. Rxd5
Bc7 34. g3 Rg6 35. Be5 Bxe5 36. Rxe5 h4 37. Kg2 hxg3 38. hxg3 b4 39. f4 Kb5 40.
Kf3 Ra6 41. Re2 Kxc5 42. f5 Kd5 43. g4 Ra3+ 44. Kf4 Ra4 45. Kg5 Kd4 46. f6 Kd3
47. Rh2 Ra5+ 48. Kg6 Ra6 49. g5 Ke4 50. Kg7 Ra7+ 51. f7 Kf5 52. g6 Rb7 53. Rb2
Ke6 54. Kg8 1-0

[Event "SR 3. liga A2 2009/2010"]
[Site "?"]
[Date "2009.11.29"]
[Round "4.2"]
[White "Halas, Miroslav"]
[Black "Diviak, Rastislav"]
[Result "1-0"]
[WhiteElo "1939"]
[BlackElo "2043"]
[PlyCount "65"]
[EventDate "2009.??.??"]

1. e4 d6 2. d4 Nf6 3. Nc3 g6 4. Bc4 Bg7 5. Nf3 Nxe4 6. Bxf7+ Kxf7 7. Nxe4 Rf8
8. Qe2 Kg8 9. Neg5 h6 10. Ne6 Bxe6 11. Qxe6+ Kh7 12. Bd2 Qd7 13. Qb3 Nc6 14. d5
Nd4 15. Nxd4 Bxd4 16. f3 c6 17. O-O-O Rf5 18. g4 Rff8 19. h4 Be5 20. Rhe1 Rae8
21. Qd3 Bf4 22. h5 Bxd2+ 23. Rxd2 Rf6 24. hxg6+ Kg7 25. Rh2 cxd5 26. g5 Rxg6
27. Rxh6 Rxh6 28. gxh6+ Kh8 29. Qxd5 e5 30. f4 Qh7 31. Qxd6 Rc8 32. Qxe5+ Kg8
33. Qe6+ 1-0